| 000 | 00588cam a2200217ua 4500 | ||
|---|---|---|---|
| 020 |
_a81-7233-083-9 _c450.00 |
||
| 041 |
_aeng _h |
||
| 082 |
_a664.002 _bKAC/PH |
||
| 100 | _aKachro, R P . | ||
| 245 |
_aPhysico-chemical constituents and engineering properties of food crops / _cR P Kachro. _hTextual Documents |
||
| 250 |
_a1 / _b. |
||
| 260 |
_aJodhpur : _bScientific Publishers , _c1994. |
||
| 300 | _a188 ; . | ||
| 365 | _a450.00 | ||
| 504 | _a | ||
| 700 | 1 | _aAnwar, Alam. | |
| 700 | 1 | _aGupta, R K . | |
| 942 | _cBK | ||
| 999 |
_c10784 _d10784 |
||